LEADER 00886nam a2200229 i 4500 001 000000165518 003 CaOOAMICUS 005 20071018000000.0 008 071018s1963 it u000 u ita u 013 $a142886 040 $aSeMil$bita 100 1 $aPasqualino, Fortunato <1923-2008>.$0(OLS)http://semarc/name/19899 245 10$aMio padre Adamo :$bromanzo /$cFortunato Pasqualino. 260 $a[S.l.] :$bCappelli,$cstampa 1963. 300 $a149 p. ;$c21 cm. 490 0 $aParallelo 40 : collana di narrativa e saggistica ;$v1 830 0$aParallelo 40 ;$v1.$0(OLS)http://semarc/title/24468 850 $aSeMil 852 $aSeMil$W1$xVenegono$y1$m1A III 256$j246401$B116712$CSeMilBibl$Z2$F127650 $81 961 $aRecupero: Altro 996 $6245$aMio padre Adamo :$bromanzo$9(OLS)http://semarc/title/236344 996 $6260$a[S.l.] :$bCappelli$9(OLS)http://semarc/publisher/32130 LEADER 01127nam a2200265 i 4500 001 000000071214 003 CaOOAMICUS 005 20081024000000.0 008 081024s1976 it u000 u ita u 013 $a42386 040 $aSeMil$bita 100 1 $aFink, Eugen,$d<1905-1975>.$0(OLS)http://semarc/name/90903 240 10$aNietzsches Philosophie.$0(OLS)http://semarc/title/114503 245 13$aLa filosofia di Nietzsche /$cEugen Fink ; introduzione di Massimo Cacciari. 250 $a[2. ed. riv. e corretta]. 260 $aVenezia :$bMarsilio,$c1976. 300 $a231 p. ;$c 22 cm. 490 0 $aSaggi Marsilio ;$v23 650 4$aNietzsche, Friedrich <1844-1900> - Pensiero filosofico.$0(OLS)http://semarc/subject/5934 700 1 $aCacciari, Massimo,$d<1944- >.$0(OLS)http://semarc/name/7069 830 0$aSaggi Marsilio ;$v23.$0(OLS)http://semarc/title/7835 850 $aSeMil 852 $aSeMil$W1$xVenegono$y1$m2P III 333$j37367$B37367$CSeMilBibl$Z2$F37370 $81 996 $6245$aLa filosofia di Nietzsche$9(OLS)http://semarc/title/114502 996 $6260$aVenezia :$bMarsilio$9(OLS)http://semarc/publisher/30231